VEGA 1/0931/11 Analýza a modelovanie rizík v zmysle kvantitatívnych štúdií QIS projektu Solvency II

Podstatnou úlohou riešenia projektu je rozširovať teoretické poznatky a na základe nich do praxe zavádzať postupy pre identifikáciu, modelovanie, analýzu rizík a návrhy protirizikových opatrení v neživotnom poistení v zmysle odporúčaní projektu SOLVENCY II.

Gespeichert in:
Bibliographische Detailangaben
1. Verfasser: Horáková, Galina
Format: Buchkapitel
Sprache:Slowakisch
Schlagworte:
Tags: Tag hinzufügen
Keine Tags, Fügen Sie das erste Tag hinzu!

MARC

LEADER 00000nla a2200000 4500
001 0175390
005 20240502073006.6
041 0 |a slo 
044 |a SK 
245 1 0 |a VEGA 1/0931/11 Analýza a modelovanie rizík v zmysle kvantitatívnych štúdií QIS projektu Solvency II  |c Galina Horáková 
520 |a Podstatnou úlohou riešenia projektu je rozširovať teoretické poznatky a na základe nich do praxe zavádzať postupy pre identifikáciu, modelovanie, analýzu rizík a návrhy protirizikových opatrení v neživotnom poistení v zmysle odporúčaní projektu SOLVENCY II. 
610 2 0 |a riadenie rizík 
610 2 0 |a poisťovníctvo 
610 2 0 |a projekty 
610 2 0 |a poistenie neživotné 
100 1 |a Horáková, Galina